Environment conservation and sustainable development / (Record no. 146846)

MARC details
000 -LEADER
fixed length control field 00790nam a22002297a 4500
005 - DATE AND TIME OF LATEST TRANSACTION
control field 20171026103025.0
010 ## - LCCN (DPL NO)
LC control number ENG-121074
020 ## - INTERNATIONAL STANDARD BOOK NUMBER
Terms of availability 1495.00
International Standard Book Number 9789385160714
035 ## - SYSTEM CONTROL NUMBER
System control number EN-104606
037 ## - SOURCE OF ACQUISITION
Source of stock number/acquisition DBAD/PUB
082 ## - DEWEY DECIMAL CLASSIFICATION NUMBER
Classification number 363.700954
245 ## - TITLE STATEMENT
Title Environment conservation and sustainable development /
Statement of responsibility, etc edited by Surendra S. Chauhan, T.I. Khan, Pankaj K. Jain [and] Prama E. Soloman
260 ## - PUBLICATION, DISTRIBUTION, ETC. (IMPRINT)
Place of publication, distribution, etc New Delhi
Name of publisher, distributor, etc Lenin Media
Date of publication, distribution, etc 2016
270 ## - ADDRESS
Address 202,IInd Floor, 4832/24, Prahald Street, Ansari Road, Daryaganj
City New Delhi
Postal code 110002
300 ## - PHYSICAL DESCRIPTION
Extent xxvi,250p.
Dimensions 25cm(Hb)
Other physical details ill.
500 ## - GENERAL NOTE
General note Includes index
700 ## - ADDED ENTRY--PERSONAL NAME
Personal name Chauhan, Surendra S.
700 ## - ADDED ENTRY--PERSONAL NAME
Personal name Khan, T.I.
700 ## - ADDED ENTRY--PERSONAL NAME
Personal name Jain, Pankaj
700 ## - ADDED ENTRY--PERSONAL NAME
Personal name Soloman, Prama E.
942 ## - ADDED ENTRY ELEMENTS (KOHA)
Source of classification or shelving scheme Dewey Decimal Classification
Item type English Books
Classification part 363.700954
Call number suffix ENV
Holdings
Withdrawn status Lost status Not for loan Collection code Home library Current library Date acquired Source of acquisition Cost, normal purchase price Full call number Barcode Copy number Cost, replacement price Koha item type
    Not For Loan Non-fiction D.B.Act.Division Bawana 26/10/2017 DBAD/PUB 1495.00 363.700954 ENV EN-104606 1 1495.00 English Books

© Delhi Public Library
Hit Counter
free hit counter